000
00225nam a22000857a 4500
008
170617b xxu||||| |||| 00| 0 eng d
100
_9
3497
_a
Bhatacharya. S
245
_a
The mahatma and the poet
260
_a
New Delhi
_b
N. B. T
_c
2008
999
_c
6880
_d
6880